| 000 | 00495nam a2200181Ia 4500 | ||
|---|---|---|---|
| 001 | 11796 | ||
| 005 | 20260306162854.0 | ||
| 008 | 260306t2022||||xx |||||||||||||| ||spa|| | ||
| 041 | _aESP | ||
| 082 |
_aHR 200 _bINVIERNO 2022 HUMANITAS |
||
| 110 | _aPontificia Universidad Católica de Chile | ||
| 245 | 0 |
_aHumanitas: _brevista de antropología y cultura cristiana |
|
| 260 | _c2022 | ||
| 300 |
_apáginas 534-792 : _c24 cm. |
||
| 650 | _aGEN | ||
| 654 | _aCHU | ||
| 942 |
_cREV _dJUS _fJUS _2ddc _n |
||
| 999 |
_c11796 _d11796 |
||